Personnages de fiction en images - N - Statistiques

Statistiques générales
  • Ce quiz a été pris 82 009 fois
  • Le résultat moyen est 10 sur 16
Statistiques - réponses
Par images Réponse % Correct
Nemo
100%
Naruto Uzumaki
97%
Le Petit Nicolas
85%
Nala
79%
Nana
79%
Nadia
78%
Nessie
72%
Neville Londubat
70%
Neptune
62%
Neo
60%
Nounours
55%
Ned Flanders
52%
Narcisse
51%
Nicky Larson
48%
Nestor
34%
Norman Bates
12%
Aucun quiz correspondant
Distribution des résultats
% des personnes avec chaque résultat
Percentile par nombre de réponses
Votre historique - résultats
Vous n’avez pas pris ce quiz